RENOVAR LA ENSEÑANZA DE LAS CIENCIAS : (Registro nro. 45864)
[ vista simple ]
| 000 -LEADER | |
|---|---|
| fixed length control field | 01066nam a2200241 a 4500 |
| 001 - CONTROL NUMBER | |
| control field | 45864 |
| 005 - DATE AND TIME OF LATEST TRANSACTION | |
| control field | 20180714025223.0 |
| 008 - FIXED-LENGTH DATA ELEMENTS--GENERAL INFORMATION | |
| fixed length control field | 140415s1997 sp 000 0 spa d |
| 020 ## - INTERNATIONAL STANDARD BOOK NUMBER | |
| International Standard Book Number | 8427711921 |
| 041 ## - LANGUAGE CODE | |
| Language code of text/sound track or separate title | spa |
| 082 ## - DEWEY DECIMAL CLASSIFICATION NUMBER | |
| Classification number | 507.1 |
| Item number | DUS |
| 100 1# - MAIN ENTRY--PERSONAL NAME | |
| Personal name | DUSCHL, RICHARD A. |
| 245 10 - TITLE STATEMENT | |
| Title | RENOVAR LA ENSEÑANZA DE LAS CIENCIAS : |
| Remainder of title | IMPORTANCIA DE LAS TEORIAS Y SU DESARROLLO |
| 250 ## - EDITION STATEMENT | |
| Edition statement | 1a ed. |
| 260 ## - PUBLICATION, DISTRIBUTION, ETC. | |
| Place of publication, distribution, etc. | ESPAÑA : |
| Name of publisher, distributor, etc. | NARCEA, S. A. DE EDICIONES, |
| Date of publication, distribution, etc. | 1997 |
| 300 ## - PHYSICAL DESCRIPTION | |
| Extent | 156 |
| Dimensions | 15.2 x 0.8 x 21.3 |
| 490 ## - SERIES STATEMENT | |
| Series statement | EDUCACION HOY |
| 520 ## - SUMMARY, ETC. | |
| Summary, etc. | EN EL LIBRO EL AUTOR SOSTIENE QUE EN LA ENSEÑANZA DE LAS CIENCIAS HA PREDOMINADO LA JUSTIFICACIŇN DEL CONOCIMIENTO Y PROPONE QUE SE TENGA EN CUENTA TAMBIÉN EL CONTEXTO DE DESCUBRIMIENTO, COMO UN CAMINO PARA DESARROLLAR UNA IMAGEN DE LA CIENCIA QUE RESPONDA EN MAYOR MEDIDA A LA COMPLEJIDAD DE LA CONSTRUCCIŇN DEL CONOCIMIENTO CIENTÄšFICO. |
| 650 14 - SUBJECT ADDED ENTRY--TOPICAL TERM | |
| Topical term or geographic name entry element | CIENCIA |
| General subdivision | ESTUDIO Y ENSEANZA |
| 700 1# - ADDED ENTRY--PERSONAL NAME | |
| Personal name | RUBIO, ANA Ma |
| Relator term | tr. |
| 700 1# - ADDED ENTRY--PERSONAL NAME | |
| Personal name | BYBEE, RODGER W. |
| Relator term | pról. |
| 740 ## - ADDED ENTRY--UNCONTROLLED RELATED/ANALYTICAL TITLE | |
| Uncontrolled related/analytical title | REESTRUCTURING SCIENCE EDUCATION |
| Withdrawn status | Lost status | Source of classification or shelving scheme | Damaged status | Not for loan | Collection code | Home library | Current library | Shelving location | Date acquired | Source of acquisition | Inventory number | Total Checkouts | Full call number | Barcode | Date last seen | Price effective from | Koha item type |
|---|---|---|---|---|---|---|---|---|---|---|---|---|---|---|---|---|---|
| Dewey Decimal Classification | General | Biblioteca Karol Wojtyla | Biblioteca Karol Wojtyla | Sala general | 03/12/2013 | Compra | 151000000000000000037379 | 507.1 DUS | 68850 | 05/01/2026 | 03/12/2013 | Libro |